000 00479nam a22001817a 4500
003 CEME
005 20210628202815.0
008 210125b xxu||||| |||| 00| 0 eng d
020 _a81-7224-779-6
040 _c.
082 _a621.2 PAR
100 _aParr, Andrew
_961725
245 _aHydraulics and pneumatics a technician's and engineer's guide
260 _aDELHI
_bJAICO
_c2005
300 _aVIII,222 P
650 _aHYDRAULICS AND PNEUMATICS
_961726
942 _cBK
_2ddc
999 _c571078
_d571078